000 01541nam a2200373Ia 4500
001 ebr10355614
003 CaPaEBR
006 m u
007 cr cn|||||||||
008 090212s2009 miu sb 001 0 eng d
010 _z 2009006578
020 _z9781604732238 (pbk. : alk. paper)
040 _aCaPaEBR
_cCaPaEBR
035 _a(OCoLC)647833091
050 1 4 _aGR111.F73
_bW67 2009eb
082 0 4 _a398.2/089410763
_222
245 0 0 _aWorking the field
_h[electronic resource] :
_baccounts from French Louisiana /
_cEdited by Jacques Henry and Sara Le Menestrel.
260 _aJackson, Miss. :
_bUniversity Press of Mississippi,
_cc2009.
300 _axliii, 174 p.
504 _aIncludes bibliographical references and index.
533 _aElectronic reproduction.
_bPalo Alto, Calif. :
_cebrary,
_d2011.
_nAvailable via World Wide Web.
_nAccess may be limited to ebrary affiliated libraries.
650 0 _aCajuns
_zLouisiana
_vFolklore.
650 0 _aCajuns
_zLouisiana
_xSocial life and customs.
650 0 _aCreoles
_zLouisiana
_vFolklore.
650 0 _aCreoles
_zLouisiana
_xSocial life and customs.
650 0 _aEthnology
_xFieldwork
_zLouisiana.
650 0 _aFolklore
_xFieldwork
_zLouisiana.
651 0 _aLouisiana
_xSocial life and customs.
655 7 _aElectronic books.
_2local
700 1 _aHenry, Jacques.
700 1 _aLe Menestrel, Sara.
710 2 _aebrary, Inc.
856 4 0 _uhttp://site.ebrary.com/lib/rucke/Doc?id=10355614
_zAn electronic book accessible through the World Wide Web; click to view
999 _c211352
_d211352